000 00472nam a22001697a 4500
999 _c164198
_d164198
005 20190513173422.0
010 _aB-027337
020 _a8126001038
_c75.00
035 _aB-027337
037 _bSahitya Akademi
082 _a881
100 _aDasgupta, Alokeranjan.
245 _aThe mystical saw and other poems /
_cAlokeranjan Dasgupta.
260 _aNew Delhi
_bSahitya Akademi
_c1996
300 _a112p
_c21cm (fbk)
942 _2ddc
_cEN
_h881
_mDAS